| 000 | 01105nam a22002777a 4500 | ||
|---|---|---|---|
| 001 | BD-DhSAU 9278 | ||
| 003 | BD-DhSAU | ||
| 005 | 20260512111612.0 | ||
| 008 | 260512b2018 bg a|||| m||| 00| 0 eng d | ||
| 040 | _aBD-DhSAU | ||
| 082 |
_222 _a631.4 _bN235 |
||
| 100 |
_aSOBHAN, NAYMA BINTY _eRegistration # 22010126 |
||
| 245 |
_aIntegrated use of inorganic and organic
fertilisers on growth and yield of potato
(solanum tuberosum l.) /
_bMS thesis |
||
| 260 |
_aSher-e-Bangla Agricultural University; _bDepartment of Soil Science, ; _c2024. |
||
| 300 |
_aviii, 66p. : _bill. ; _c30 cm. |
||
| 500 | _aMS thesis of Department of Soil Science, ;, Faculty of Agriculture. Sher-e-Balgla Agricultural University Dhaka-1207 | ||
| 504 | _aIncludes bibliographical reference. | ||
| 590 | _aNazmul | ||
| 650 | _ainorganic and organic fertilisers | ||
| 650 | _apotato (solanum tuberosum l.) | ||
| 651 | _aokra (abelmoschus esculentus l.) | ||
| 700 |
_aProf. Dr. Mst. Afrose Jahan _eSuperviser |
||
| 710 |
_eCo-Superviser _aProf. Dr. Alok Kumar Paul |
||
| 942 |
_2ddc _cTHESIS |
||
| 999 |
_c18377 _d18376 |
||